000
00328nam a2200133Ia 4500
008
191201s2018 xx 000 0 und d
082
_a
610.03 GUP
100
_a
Gupta,Sanjay
245
0
_a
Pocket Medical Dictionary
260
_b
AITBS Publishers
_a
New Delhi
_c
2018
300
_a
462
650
_a
Miscellaneous
942
_2
ddc
_c
BK
999
_c
8392
_d
8392